| 000 | 01002nam a2200277Ia 4500 | ||
|---|---|---|---|
| 001 | Para_7984 | ||
| 003 | CHAP | ||
| 008 | 220125s1925 xx 000 0 und d | ||
| 010 | _a206913 | ||
| 040 | _cCHAP | ||
| 082 | _aPA-C 595.75 H4 | ||
| 100 |
_aWoglum, R.S. _9168463 |
||
| 245 |
_aThe value of sprays and fumigation for resistant black scale control : _b an analysis based on conditions in Eastern Los Angeles and Western San Bernardino Counties, California / _c by R.S. Woglum |
||
| 260 |
_aLos Angeles, Cal. : _b Bureau of Pest Control |
||
| 300 | _a15 p. | ||
| 440 |
_aHemiptera; 10 _9171909 |
||
| 500 | _aEncuadernado con otros impresos similares | ||
| 650 |
_a _x Hemípteros _x colecciones de escritos _x Control biológico de insectos _x Insectos _x resistencia a insecticidas _9173292 |
||
| 901 | _aPA-C 595.75 H4 | ||
| 902 | _aA | ||
| 905 | _a0000001925 0000000000 00 | ||
| 910 | _a1925 | ||
| 942 | _cPARA | ||
| 942 |
_cPARA _d1 |
||
| 999 |
_c206913 _d206913 |
||